Noddy get well soon, Mr Plod (Record no. 61122)
[ view plain ]
| 000 -LEADER | |
|---|---|
| fixed length control field | 00572nam a22001697a 4500 |
| 005 - DATE AND TIME OF LATEST TRANSACTION | |
| control field | 2012011809409.0 |
| 020 ## - INTERNATIONAL STANDARD BOOK NUMBER | |
| International Standard Book Number | 9788128622267 |
| Terms of availability | 75.00 |
| 082 ## - DEWEY DECIMAL CLASSIFICATION NUMBER | |
| Classification number | S |
| 100 ## - MAIN ENTRY--PERSONAL NAME | |
| Personal name | Blyton, Enid |
| 245 ## - TITLE STATEMENT | |
| Title | Noddy get well soon, Mr Plod |
| Statement of responsibility, etc | by Enid Blyton |
| 260 ## - PUBLICATION, DISTRIBUTION, ETC. (IMPRINT) | |
| Place of publication, distribution, etc | Mumbai: |
| Name of publisher, distributor, etc | Euro Books, |
| Date of publication, distribution, etc | 2009 |
| 270 ## - ADDRESS | |
| Address | 158, Vidyanagari Marg, Kalina, Santacruz (E) |
| City | Mumbai |
| Postal code | 400098 |
| 300 ## - PHYSICAL DESCRIPTION | |
| Extent | 26 p. |
| Other physical details | ill(col) |
| Dimensions | 26cm (Pbk) |
| 490 ## - SERIES STATEMENT | |
| Series statement | Large print reader |
| -- | 39499 |
| 942 ## - ADDED ENTRY ELEMENTS (KOHA) | |
| Source of classification or shelving scheme | Dewey Decimal Classification |
| Item type | English Books |
| Classification part | S |
| Call number suffix | BLY |
| Withdrawn status | Lost status | Not for loan | Collection code | Home library | Current library | Date acquired | Cost, normal purchase price | Full call number | Copy number | Cost, replacement price | Koha item type |
|---|---|---|---|---|---|---|---|---|---|---|---|
| Ordered | Fiction | Andrews Gunj | Andrews Gunj | 18/01/2012 | 75.00 | S BLY | 1 | 75.00 | English Books |
